Partnership in farming and capital taxation: the lady enquires. Annual conference, Connaught Rooms, London, WC2, 14 January 1981 (Record no. 88662)
[ view plain ]
| 000 -LEADER | |
|---|---|
| fixed length control field | 00671cam a2200193 4500 |
| 001 - CONTROL NUMBER | |
| control field | D15766 |
| 008 - FIXED-LENGTH DATA ELEMENTS--GENERAL INFORMATION | |
| fixed length control field | 090401t1981 xxu||||| |||| 00| 0 eng d |
| 035 ## - SYSTEM CONTROL NUMBER | |
| System control number | (Sirsi) u25037 |
| 041 ## - LANGUAGE CODE | |
| Language code of text/sound track or separate title | eng |
| 050 ## - LIBRARY OF CONGRESS CALL NUMBER | |
| Classification number | 631.1065 |
| 110 ## - MAIN ENTRY--CORPORATE NAME | |
| Corporate name or jurisdiction name as entry element | Royal Institution of Chartered Surveyors |
| 9 (RLIN) | 4900 |
| 245 ## - TITLE STATEMENT | |
| Title | Partnership in farming and capital taxation: the lady enquires. Annual conference, Connaught Rooms, London, WC2, 14 January 1981 |
| 260 ## - PUBLICATION, DISTRIBUTION, ETC. | |
| Name of publisher, distributor, etc. | RICS |
| Date of publication, distribution, etc. | 1981 |
| 350 ## - PRICE (NR) (BK AM CF MU VM SE) [OBSOLETE] | |
| Price | 0 |
| 520 ## - SUMMARY, ETC. | |
| Summary, etc. | Filed in box RICS 1981/2 ABC: Programme and attendance list; notes on papers; notes on speakers |
| 710 ## - ADDED ENTRY--CORPORATE NAME | |
| Corporate name or jurisdiction name as entry element | Land Agency and Agriculture Division |
| 9 (RLIN) | 773 |
| 942 ## - ADDED ENTRY ELEMENTS (KOHA) | |
| Suppress in OPAC | 0 |
| 948 ## - LOCAL PROCESSING INFORMATION (OCLC); SERIES PART DESIGNATOR (RLIN) | |
| c (OCLC) | 04/03/1997 |
| Withdrawn status | Lost status | Source of classification or shelving scheme | Damaged status | Not for loan | Home library | Current library | Shelving location | Date acquired | Total Checkouts | Full call number | Barcode | Date last seen | Copy number | Price effective from | Koha item type |
|---|---|---|---|---|---|---|---|---|---|---|---|---|---|---|---|
| Other/Generic Classification Scheme | London | London | RICS Boxes | 14/09/1999 | RICS 1981/2 | 30003401 | 06/08/2019 | 1 | 06/08/2019 | Reference material | |||||
| Other/Generic Classification Scheme | London | London | RICS Boxes | 08/08/1991 | RICS 1981/2 | 30003405 | 06/08/2019 | 2 | 06/08/2019 | Book | |||||
| Other/Generic Classification Scheme | London | London | RICS Boxes | 22/08/1991 | RICS 1981/2 | 30025317 | 06/08/2019 | 3 | 06/08/2019 | Archive |